000 00744nam a22002177a 4500
999 _c19228
_d19228
003 AR-CdUCM
008 190516b ||||| |||| 00| 0 spa d
040 _aMUNICIPALIDAD PROVINCIAL DEL CUSCO
_cBIBLIOTECA MUNICIPAL DEL CUSCO
082 _a780 /
_bL19
100 _aLaloy, Luis
_940444
245 _aLa música China /
260 _aBuenos Aires :
_bSchapire,
300 _a126 paginas ;
_bIlustraciones, pentagramas,
_c19 cm.
505 _aContenido : Las fuentes -- Las doctrinas -- Los destinos -- El sistema -- La gama...
650 _aLa musica
_936673
650 _aTemas musicales
_940445
650 _aPrimera estrofa
_940446
700 _aForest, Malanie (Traducción)
_940447
942 _2ddc
_cLIBROS
945 _awnts
_d2019-05-16